000 01583naa a22003617a 4500
001 BR8003275
003 BR-BrBNA
005 20240918174617.0
007 ta
008 230509b bl.||||| |||| 00| 0 por d
040 _aBR-BrBNA
_bpor
_cBiblioteca Nacional de Agricultura
041 _a(Pt)
072 _aQ20; Q10
_b8919
_b8961
_b3862
_bG514
090 _aQ20 BR8003275
100 1 _aAraujo Neto, J.S.
111 1 _a2. Seminario Nacional de Fermentacao; 3. Seminario Nacional de Fermentacao
_cPiracicaba, SP (Brazil); Rio de Janeiro, RJ (Brazil)
_dNov 1977; Nov 1979
245 1 _aTratamento de materias primas celulosicas destinadas a fermentacao: resumo do estado da arte, pesquisas brasileiras e perspectivas [Industrializacao; Microbiologia de alimento; Alcool; Vinhoto]
260 3 _aSao Paulo, SP (Brasil):
_c1980.
500 _aFurtado, J.S.; Vasconcellos, L. Fermentacoes industriais e transformacoes microbianas no solo Sao Paulo, SP (Brasil): 1980. p. 128-135 (BR8003275-AM)Q20
650 _aMicrobiologia de alimento
650 _aTecnologia de alimento
650 _aCelulose
650 _aAlcool
650 _aVinhaca
650 _aEtanol
650 _aFermentacao alcoolica
650 _aHidrolise
650 _aIndustrializacao
650 _aMicrorganismo
773 0 _tFermentacoes industriais e transformacoes microbianas no solo
_aFurtado, J.S.; Vasconcellos, L.. Sociedade Brasileira de Microbiologia, Sao Paulo, SP
_wQ20 BR8003275
_gSao Paulo, SP (Brasil), 1980. p. 128-135
909 _a202404
_bLucia
_c55
_dLucia Elande
942 _cAM
_2AGRIS
999 _c312331
_d312331